MDQL
is popping MORE tags! Check the
thread
!
Quizzes
Events
Quiz Creation
Community
Videos
Private Events
Remove Ads
Sign In
Join for FREE
Feedback
Dark Mode
Quiz Categories
Sports
Geography
Music
Movies
Television
Just For Fun
Miscellaneous
History
Literature
Language
Science
Gaming
Entertainment
Religion
Holiday
For Kids
Quiz Lab
Recent
Popular Today
Quiz Kudos Today
Editor Picks
Curator Picks
Quizzes by...
Day
Popularity
Type
Ratings
Length
Year
Community
Subscriptions
Recent Discussions
Orange Saloon
Badges
Playlists
Quests
Create
Leaderboards
Showdown
Live 5
Trivia Bingo
Activity
Puzzle Library
Sporcle Events
Private Events
Virtual Trivia
Globe League
Become a Host
Pub Owners
SporcleCon
Opinionation
Our Games
Videos
Blog
Mobile Apps
Partnerships
Remove Ads and Go Orange
Feedback
Sports
Athletes
MLB
NBA
NHL
NFL
Soccer
Sports Teams
WWE
NCAA
Football
Premier League
Basketball
Baseball
Hockey
Golf
Tennis
Cricket
Rugby
Auto Racing
Olympics
World Cup
Sports
Athletes
MLB
NBA
NHL
NFL
Soccer
Sports Teams
WWE
NCAA
Football
Premier League
Basketball
Baseball
Hockey
Golf
Tennis
Cricket
Rugby
Auto Racing
Olympics
World Cup
Random Quiz
Search Sporcle
×
Quiz Lab
Quiz Lab
Sports
TNA Wrestling
Type in answers that appear in a list
Type in answers that appear in a list
Classic
Best Score? Go Orange.
TNA Weekly PPV 2002 Main Events Stats
Can you name the wrestlers that competed in the main events on TNA Weekly PPV's in 2002?
By
2mbs
10m
75 Questions
158 Plays
158 Plays
158 Plays
Comments
Comments
Give Quiz Kudos
Give Quiz Kudos
-
- Ratings
hide this ad
More Info
Replay
Link that replays current quiz
Next Quiz
Link to next quiz in quiz playlist
You Got
0%
They Got
Avg Score
74%
Avg Friend Score
Upgrade to see
Score Distribution
Jump to the score distribution portion of the page
Score
0/75
Timer
10:00
0
Plays Today
Date
Wrestler
% Correct
July 3, 2002
Jeff Jarrett
98.7%
July 31, 2002
Jeff Jarrett
98.7%
August 14, 2002
Jeff Jarrett
98.7%
September 25, 2002
Jeff Jarrett
98.7%
October 2, 2002
Jeff Jarrett
98.7%
November 20, 2002
Jeff Jarrett
98.7%
November 27, 2002
Jeff Jarrett
98.7%
December 4, 2002
Jeff Jarrett
98.7%
December 11, 2002
Jeff Jarrett
98.7%
June 26, 2002
AJ Styles
98.1%
August 7, 2002
AJ Styles
98.1%
August 14, 2002
AJ Styles
98.1%
August 21, 2002
AJ Styles
98.1%
August 28, 2002
AJ Styles
98.1%
October 9, 2002
AJ Styles
98.1%
October 30, 2002
AJ Styles
98.1%
November 6, 2002
AJ Styles
98.1%
November 13, 2002
AJ Styles
98.1%
June 26, 2002
Low Ki
92.4%
July 10, 2002
Low Ki
92.4%
August 7, 2002
Low Ki
92.4%
August 28, 2002
Low Ki
92.4%
December 18, 2002
Low Ki
92.4%
June 19, 2002
Ken Shamrock
89.9%
July 3, 2002
K-Krush
89.2%
July 24, 2002
Ken Shamrock
89.2%
August 14, 2002
Ron Killings
89.2%
September 18, 2002
Ron Killings
89.2%
October 16, 2002
Ron Killings
89.2%
October 23, 2002
Ron Killings
89.2%
November 20, 2002
Ron Killings
89.2%
November 27, 2002
Ron Killings
89.2%
July 10, 2002
Christopher Daniels
86.7%
December 18, 2002
Christopher Daniels
86.7%
June 26, 2002
Jerry Lynn
80.4%
July 10, 2002
Jerry Lynn
80.4%
August 7, 2002
Jerry Lynn
80.4%
August 14, 2002
Jerry Lynn
80.4%
Date
Wrestler
% Correct
August 21, 2002
Jerry Lynn
80.4%
August 28, 2002
Jerry Lynn
80.4%
September 18, 2002
Jerry Lynn
80.4%
November 6, 2002
Jerry Lynn
80.4%
November 13, 2002
Jerry Lynn
80.4%
December 4, 2002
Ron Harris
74.7%
December 4, 2002
Don Harris
74.7%
July 3, 2002
Scott Hall
72.2%
July 10, 2002
Elix Skipper
72.2%
July 17, 2002
Scott Hall
72.2%
July 31, 2002
Scott Hall
72.2%
December 18, 2002
Elix Skipper
72.2%
October 2, 2002
Syxx-Pac
60.8%
October 9, 2002
Syxx-Pac
60.8%
September 25, 2002
BG James
59.5%
October 2, 2002
BG James
59.5%
October 30, 2002
Amazing Red
57.6%
December 18, 2002
Amazing Red
57.6%
June 19, 2002
Malice
56.3%
July 24, 2002
Sabu
54.4%
June 26, 2002
Psicosis
52.5%
July 3, 2002
Brian Lawler
50%
July 17, 2002
Brian Lawler
50%
October 2, 2002
Brian Lawler
50%
October 9, 2002
Kid Kash
43.7%
November 13, 2002
Kid Kash
43.7%
October 9, 2002
Jose Maximo
43%
October 9, 2002
Joel Maximo
43%
December 18, 2002
Jose Maximo
43%
December 18, 2002
Joel Maximo
43%
October 16, 2002
Curt Hennig
39.9%
October 23, 2002
Curt Hennig
39.9%
December 11, 2002
Curt Hennig
39.9%
October 9, 2002
Ace Steel
25.3%
July 10, 2002
Tony Mamaluke
24.7%
October 9, 2002
Tony Mamaluke
24.7%
July 10, 2002
Kid Romeo
19.6%
Quiz Playlist
Details
Report
Send in Message
Add To Playlist
More Info:
In this quiz, the main event will always be the last match on the card for that pay-per-view.
Classic:
Type in answers that appear in a list
Quiz Source
Last Updated: Feb 16, 2017
Quiz Scoreboard
CHALLENGE
Sign Up to Join the Scoreboard
Show All
Scores
Hide
Comments
May contain spoilers
Recently Published
Colored Red Africa Blitz
by spor1
Geography
30s
Find the 'City' Movie
by crazypaving
Movies
60s
5x2 Blitz: Bands
by SL_Kpop136
Music
30s
More to Explore
Quiz From the Vault
Featured Blog Post
14 Easter Pick-up Lines to Find Eggs With
hide this ad
You Might Also Like...
Tags
2002
Competed
date
detail
Event
Matching
PPV
tna
TNA Wrestling
Weekly
Wrestlers
Today's Top Quizzes in Sports
Browse Sports
hide this ad
Today's Top Quizzes in TNA Wrestling
Browse TNA Wrestling
Top Contributed Quizzes in Sports
1
Players with Multiple 50 Home Run Seasons
2
Criteria MLB: Left Handed Sluggers
3
MLB Players with Two .350 Batting Average Seasons
4
Who Hit More Homers?
5
Premier League Clubs since 2000 (minefield)
6
Who Needs Fielders?
7
2020 F1 Drivers Logic Puzzle
8
Les entraîneurs de l'OM et du PSG au 21e siècle
9
Top 10 NHL Goal Scorers of All Time
10
MLB Hall of Famer by Rings
Explore More
Trending Topics
Marvel
Kpop
Harry Potter
Disney
Anime
NBA
Crossword
The Office
Country
Puzzle
NFL
WWE
Song
Pokémon
Soccer
hide this ad
More By:
2mbs
Quiz
Plays
Rating
Category
Featured
Created
Runner-Up to Dale Earnhardt
13,884
4.23
Sports
Mar 14, 2010
Bill Goldberg WCW/WWE PPV Opponents
13,040
3.96
Sports
Feb 21, 2010
Bill Goldberg's WCW Undefeated Streak
8,419
4.13
Sports
Sep 19, 2011
Trish Stratus WWF/WWE PPV Opponents
7,232
3.90
Sports
Feb 1, 2010
Sting TNA PPV Opponents
6,066
3.96
Sports
Nov 15, 2009
Go to Creator's Profile
Score Distribution
Quiz Creator Spotlight
2mbs
Follow
Send a Message
Quizzes Created
-
Created Quiz Play Count
-
More By This Creator
Popular Quizzes Today
1
Find the 'City' Movie
2
Colored Red Africa Blitz
3
5x2 Blitz: Bands
4
Find the US States - No Outlines Minefield
5
The Countries of the World
6
Find the US States
7
9x9 Crossword: Cartoon Network
8
US States
More Sports Quizzes
MLB 2017 TOP 20 batting leaders
Quiz Lab
Trending Quizzes
Colored Red Europe Blitz I
Colored Red Africa Blitz II
Colored Red Africa Blitz III
Colored Red Europe Blitz III
Colored Red Europe Blitz II
Recently Updated
Champions League XIs: Real Madrid
pecheneg
Largest US Cities 1790-2010
pecheneg
Rides in Walt Disney World
pecheneg
Most Oscar Losses (Acting)
pecheneg
Beyoncé Albums
pecheneg
Leaping Animals
pecheneg
Reality TV Shows (A-Z)
bhenderson79
Rickey Henderson's Hall of Fame Teammates
pecheneg
Champions League XIs: Arsenal
pecheneg
Quick Pick: Celebrities in WWE's Hall of Fame
aduchscher
Trending Topics
Kpop
NBA
Disney
Marvel
Crossword
Harry Potter
Anime
The Office
Soccer
Country
NFL
Song
Pokémon
WWE
Puzzle
Your Account Isn't Verified!
In order to create a playlist on Sporcle, you need to verify the email address you used during registration. Go to your
Sporcle Settings
to finish the process.
Report this User
Report this user for behavior that violates our
Community Guidelines
.
Details:
Send Report
Go to the Sporcle.com Mobile Site →
Comments